000 00743nam a2200217 a 4500
008 120416s1988 ||||||||||||||||| || u
020 _a0045810222
050 _aQK 745 Har
100 _aHart, J. W. (James Watnell), 1940-
245 1 0 _aLight and plant growth
260 _aLondon
_bUnwin Hyman
_c1988
300 _axx, 204p. : ill.
350 _a0.00
490 _aTopics in plant physiology
490 _v1
500 _aIncludes bibliographical references and index.
650 _aPlants--Effect of light on
650 _aPlants--Photomorphogenesis
650 _aPLANTS
995 _D0.00
_FCBU-MAIN LIBRARY (Kitwe)
_H1
_I30.00
_M1
_UAVAILABLE
_ZMain Library Open Access Collection
999 _c49265
_d49265